000 00938nam a2200265Ia 4500
003 OSt
005 20220918170642.0
006 a|||||r|||| 00| 0
007 ta
008 220917b |||||||| |||| 00| 0 eng d
020 _a9780415509411 (pbk)
_c2565.96
024 _a287,594
037 _b707, 15/12/2015, Aditya Books Pvt. Ltd.
_cTextual
040 _aARTS
_cARTS
_beng
041 _2eng
_aeng
082 _aY:4(S51:55), Q4
100 _aKocet Michael M. Ed.
_930231
245 0 _aCounselling gay man, adolescents and boys
_b Strengths based guide for helping professionals and educators
260 _aNew York
_bRoutledge U.S.A.
_c2014
300 _axxiv, 199p.
_ccm.
490 _aRoutledge series on counseling and psychotherapy with boys and men
650 _aSOCIOLOGY
942 _hY:4(S51:55), Q4
_cTEXL
_2CC
999 _c135049
_d135049